First-Level Subdivision Capitals - Statistics

General Stats
  • This quiz has been taken 13 times
  • The average score is 159 of 266
Answer Stats
Country First-Level Subdivision Capital % Correct
Canada Alberta Edmonton
100%
Mexico Mexico City Mexico City
100%
Canada Quebec Quebec City
100%
Canada Manitoba Winnipeg
100%
USA New York Albany
90%
USA Texas Austin
90%
USA North Dakota Bismarck
90%
USA Massachusetts Boston
90%
Brazil Distrito Federal Brasília
90%
India Tamil Nadu Chennai
90%
China Chongqing Chongqing
90%
USA Colorado Denver
90%
USA Kentucky Frankfort
90%
China Guangdong Guangzhou
90%
Canada Nova Scotia Halifax
90%
USA Connecticut Hartford
90%
China Hong Kong Hong Kong
90%
USA Indiana Indianapolis
90%
USA Mississippi Jackson
90%
USA Tennessee Nashville
90%
India Delhi New Delhi
90%
USA Oklahoma Oklahoma City
90%
USA Arizona Phoenix
90%
USA Rhode Island Providence
90%
USA North Carolina Raleigh
90%
Brazil Pernambuco Recife
90%
Brazil Rio de Janeiro Rio de Janeiro
90%
USA California Sacramento
90%
USA Utah Salt Lake City
90%
Brazil Bahia Salvador
90%
USA Puerto Rico San Juan
90%
Brazil São Paulo São Paulo
90%
China Shanghai Shanghai
90%
USA Illinois Springfield
90%
Canada Ontario Toronto
90%
Mexico Durango Victoria de Durango
90%
Canada Yukon Whitehorse
90%
China Shaanxi Xi'an
90%
Canada Northwest Territories Yellowknife
90%
Australia South Australia Adelaide
80%
Mexico Aguascalientes Aguascalientes
80%
USA Maryland Annapolis
80%
USA Georgia Atlanta
80%
USA Maine Augusta
80%
USA Louisiana Baton Rouge
80%
China Beijing Beijing
80%
Brazil Pará Belém
80%
Brazil Minas Gerais Belo Horizonte
80%
Germany Berlin Berlin
80%
USA Idaho Boise
80%
Germany Bremen Bremen
80%
Australia Queensland Brisbane
80%
USA Nevada Carson City
80%
USA West Virginia Charleston
80%
Canada Prince Edward Island Charlottetown
80%
China Sichuan Chengdu
80%
USA Wyoming Cheyenne
80%
Mexico Chihuahua Chihuahua
80%
Mexico Tamaulipas Ciudad Victoria
80%
USA South Carolina Columbus
80%
Australia Northern Territory Darwin
80%
USA Iowa Des Moines
80%
USA Delaware Dover
80%
Mexico Jalisco Guadalajara
80%
Germany Hamburg Hamburg
80%
USA Pennsylvania Harrisburg
80%
USA Montana Helena
80%
USA Hawaii Honolulu
80%
Canada Nunavut Iqaluit
80%
India Rajasthan Jaipur
80%
USA Missouri Jefferson City
80%
USA Alaska Juneau
80%
India West Bengal Kolkata
80%
China Yunnan Kunming
80%
USA Michigan Lansing
80%
France Hauts-de-France Lille
80%
USA Nebraska Lincoln
80%
USA Arkansas Little Rock
80%
China Macau Macau
80%
USA Wisconsin Madison
80%
Brazil Amazonas Manaus
80%
France Provence-Alpes-Côte d'Azur Marseille
80%
Australia Victoria Melbourne
80%
USA Alabama Montgomery
80%
USA Vermont Montpelier
80%
India Maharashtra Mumbai
80%
Germany Bavaria Munich
80%
USA Washington Olympia
80%
Spain Balearic Islands Palma
80%
Australia Western Australia Perth
80%
USA South Dakota Pierre
80%
Mexico Puebla Puebla de Zaragoza
80%
Canada Saskatchewan Regina
80%
USA Virginia Richmond
80%
USA Oregon Salem
80%
USA New Mexico Santa Fe
80%
Canada Newfoundland and Labrador St. John's
80%
USA Minnesota St. Paul
80%
Australia New South Wales Sydney
80%
USA Florida Tallahassee
80%
China Tianjin Tianjin
80%
USA Kansas Topeka
80%
USA New Jersey Trenton
80%
China Xinjiang Ürümqi
80%
Spain Valencia Valencia
80%
Canada British Columbia Victoria
80%
China Hubei Wuhan
80%
India Karnataka Bangalore
70%
France Nouvelle-Aquitaine Bordeaux
70%
Australia Australian Capital Territory Canberra
70%
France French Guiana Cayenne
70%
Spain Ceuta Ceuta
70%
USA Ohio Columbia
70%
USA New Hampshire Concord
70%
Brazil Paraná Curitiba
70%
Germany Saxony Dresden
70%
Brazil Ceará Fortaleza
70%
China Heilongjiang Harbin
70%
China Anhui Hefei
70%
Australia Tasmania Hobart
70%
China Gansu Lanzhou
70%
China Tibet Lhasa
70%
France Auvergne-Rhône-Alpes Lyon
70%
Spain Madrid Madrid
70%
Spain Melilla Melilla
70%
Mexico Nuevo León Monterrey
70%
Spain Murcia Murcia
70%
France Pays de la Loire Nantes
70%
USA American Samoa Pago Pago
70%
France Île-de-France Paris
70%
Brazil Rio Grande do Sul Porto Alegre
70%
Mexico Campeche San Francisco de Campeche
70%
Spain Canary Islands Santa Cruz de Tenerife | Las Palmas de Gran Canaria
70%
Spain Andalusia Seville
70%
China Hebei Shijiazhuang
70%
Germany Baden-Württemberg Stuttgart
70%
France Occitanie Toulouse
70%
Spain Aragon Zaragoza
70%
France Corsica Ajaccio
60%
Spain Catalonia Barcelona
60%
China Hunan Changsha
60%
France Bourgogne-Franche-Comté Dijon
60%
China Fujian Fuzhou
60%
Mexico Guanajuato Guanajuato
60%
China Hainan Haikou
60%
China Zhejiang Hangzhou
60%
Germany Lower Saxony Hanover
60%
China Inner Mongolia Hohhot
60%
India Telangana Hyderabad
60%
Germany Schleswig-Holstein Kiel
60%
Mexico Yucatán Mérida
60%
Spain Extremadura Mérida
60%
China Jiangsu Nanjing
60%
China Guangxi Nanning
60%
Mexico Oaxaca Oaxaca de Juárez
60%
Germany Brandenburg Potsdam
60%
France Brittany Rennes
60%
Germany Saarland Saarbrücken
60%
USA Northern Mariana Islands Saipan
60%
Mexico San Luis Potosí San Luis Potosí
60%
Mexico Querétaro Santiago de Querétaro
60%
China Liaoning Shenyang
60%
France Grand Est Strasbourg
60%
Brazil Espírito Santo Vitória
60%
Spain Basque Country Vitoria-Gasteiz
60%
China Henan Zhengzhou
60%
India Madhya Pradesh Bhopal
50%
India Haryana Chandigarh
50%
India Punjab Chandigarh
50%
India Chandigarh Chandigarh
50%
China Jilin Changchun
50%
Germany North-Rhine-Westphalia Düsseldorf
50%
Brazil Goiás Goiânia
50%
China Guizhou Guiyang
50%
USA Guam Hagåtña
50%
China Shandong Jinan
50%
Mexico Baja California Mexicali
50%
France New Caledonia Nouméa
50%
France Centre-Val de Loire Orléans
50%
Spain Navarre Pamplona
50%
France Normandy Rouen
50%
India Jammu and Kashmir Srinagar | Jammu
50%
China Shanxi Taiyuan
50%
Spain Castilla-La Mancha Toledo
50%
Mexico México Toluca de Lerdo
50%
Mexico Colima Colima
40%
India Dadra and Nagar Haveli and Daman and Diu Daman
40%
France Martinique Fort-de-France
40%
Canada New Brunswick Fredericton
40%
Spain La Rioja Logroño
40%
India Uttar Pradesh Lucknow
40%
Germany Rhineland-Palatinate Mainz
40%
France Mayotte Mamoudzou
40%
China Jiangxi Nanchang
40%
Brazil Rio Grande do Norte Natal
40%
Spain Asturias Oviedo
40%
France French Polynesia Papeete
40%
Brazil Rondônia Porto Velho
40%
India Puducherry Puducherry
40%
Mexico Coahuila Saltillo
40%
Spain Cantabria Santander
40%
Spain Galicia Santiago de Compostela
40%
Brazil Piauí Teresina
40%
Mexico Tlaxcala Tlaxcala de Xicohténcatl
40%
Spain Castile and León Valladolid
40%
Mexico Zacatecas Zacatecas
40%
Brazil Sergipe Aracaju
30%
France Guadeloupe Basse-Terre
30%
India Odisha Bhubaneswar
30%
Brazil Roraima Boa Vista
30%
Brazil Mato Grosso do Sul Campo Grande
30%
USA US Virgin Islands Charlotte Amalie
30%
Germany Thuringia Erfurt
30%
Brazil Santa Catarina Florianópolis
30%
Australia Christmas Island Flying Fish Cove
30%
Mexico Sonora Hermosillo
30%
Brazil Amapá Macapá
30%
Germany Saxony-Anhalt Magdeburg
30%
Mexico Michoacán Morelia
30%
India Bihar Patna
30%
Brazil Acre Rio Branco
30%
Brazil Maranhão São Luis
30%
Germany Mecklenburg-Vorpommern Schwerin
30%
France Réunion St. Denis
30%
France St. Pierre and Miquelon St. Pierre
30%
India Kerala Thiruvananthapuram
30%
Germany Hesse Wiesbaden
30%
China Qinghai Xining
30%
India Tripura Agartala
20%
Mexico Guerrero Chilpancingo de los Bravos
20%
Brazil Mato Grosso Cuiabá
20%
Mexico Sinaloa Culiacán Rosales
20%
India Assam Dispur
20%
India Sikkim Gangtok
20%
France St. Barthélemy Gustavia
20%
India Manipur Imphal
20%
Brazil Paraíba João Pessoa
20%
Australia Norfolk Island Kingston
20%
Mexico Baja California Sur La Paz
20%
India Ladakh Leh | Kargil
20%
Brazil Alagoas Maceió
20%
France St. Martin Marigot
20%
France Wallis and Futuna Mata Utu
20%
Brazil Tocantins Palmas
20%
India Andaman and Nicobar Islands Port Blair
20%
India Jharkhand Ranchi
20%
India Meghalaya Shillong
20%
Mexico Chiapas Tuxtla Gutiérrez
20%
Australia Cocos (Keeling) Islands West Island
20%
China Ningxi Yinchuan
20%
India Mizoram Aizawl
10%
India Andhra Pradesh Amaravati
10%
Mexico Quintana Roo Chetumal
10%
Mexico Morelos Cuernavaca
10%
India Uttarakhand Dehradun
10%
India Gujarat Gandhinagar
10%
India Arunachal Pradesh Itanagar
10%
India Lakshadweep Kavaratti
10%
India Nagaland Kohima
10%
Mexico Hidalgo Pachuca de Soto
10%
India Goa Panaji
10%
India Chhattisgarh Raipur
10%
India Himachal Pradesh Shimla
10%
Mexico Nayarit Tepic
10%
Mexico Tabasco Villahermosa
10%
Mexico Veracruz Xalapa-Enríquez
10%
No matching quizzes found
Score Distribution
Percent of People with Each Score
Percentile by Number Answered
Your Score History
You have not taken this quiz